Cywilizacje - Civilization VI - Statystyki

Ogólne statystyki
  • Ten quiz został rozwiązany 4 razy
  • Średni wynik to 43 z 50
Statystyki odpowiedzi
Kontynent Cywilizacja % Poprawnych
Ameryka Północna Ameryka
100%
Europa Anglia
100%
Oceania Australia
100%
Europa/Azja/Afryka Bizancjum
100%
Ameryka Południowa Brazylia
100%
Azja Chiny
100%
Afryka Egipt
100%
Afryka Etiopia
100%
Europa Francja
100%
Europa Galia
100%
Europa Grecja
100%
Azja Gruzja
100%
Europa Hiszpania
100%
Europa Holandia
100%
Europa/Azja/Afryka Imperium Osmańskie
100%
Azja Indie
100%
Azja Indonezja
100%
Ameryka Południowa Inkowie
100%
Azja Japonia
100%
Afryka Kongo
100%
Azja Korea
100%
Azja/Europa Mongolia
100%
Europa Niemcy
100%
Azja Persja
100%
Europa Polska
100%
Europa Portugalia
100%
Europa/Azja Rosja
100%
Europa/Azja/Afryka Rzym
100%
Europa Węgry
100%
Afryka/Azja Arabia
75%
Ameryka Północna Aztekowie
75%
Azja Babilonia
75%
Azja Kambodża
75%
Ameryka Północna Kanada
75%
Ameryka Północna Kri
75%
Europa/Azja/Afryka Macedonia
75%
Ameryka Północna Majowie
75%
Afryka Mali
75%
Oceania Maorysi
75%
Europa Norwegia
75%
Europa Szwecja
75%
Ameryka Południowa,Ameryka Północna Wielka Kolumbia
75%
Azja Wietnam
75%
Afryka Zulusi
75%
Azja/Afryka Fenicja
50%
Ameryka Południowa Mapucze
50%
Afryka Nubia
50%
Azja/Europa Scytia
50%
Azja Sumeria
50%
Europa Szkocja
50%
Nie znaleziono quizów pasujących do podanych kryteriów
Rozkład punktacji
Procent ludzi z każdym wynikiem
Percentyl według liczby udzielonych odpowiedzi
Twoja historia wyników
Nie rozwiązałeś tego quizu